| 000 | 01063nam a22002417i 4500 | ||
|---|---|---|---|
| 999 |
_c22850 _d22850 |
||
| 003 | AR-CdUCM | ||
| 008 | 240426b20092009pe ||||| |||| 00| 0 spa d | ||
| 040 |
_aMUNICIPALIDAD PROVINCIAL DEL CUSCO _cBIBLIOTECA MUNICIPAL DEL CUSCO |
||
| 082 |
_a378.85 / P26 _bP26 |
||
| 100 |
_aParedes Pando, Oscar _914521 |
||
| 245 |
_aCrónica de la Primera Reforma Universitaria del Perú y Auroral de América del Sur : _bCusco: 1907-1909 / |
||
| 260 |
_aCusco : _bMunicipalidad Provincial del Cusco, _c2009 |
||
| 300 |
_a94 páginas. : _c20.4 cm. |
||
| 500 | _zBibliografía: página 95. | ||
| 505 | _aCrónica de la primera Reforma Universitaria del Perú -- América del Sur -- Alberto Giesecke | ||
| 650 |
_aFinalizando el Siglo XIX _949654 |
||
| 650 |
_aNacimiento de la organización estudiantil y primera reinvindicaciones _949655 |
||
| 650 |
_aEl Rector Dr. Eliseo Araujo _949656 |
||
| 650 |
_aLa Huelga estudiantil de 1907 _949657 |
||
| 650 |
_aEncumbramiento de la primera reforma universitaria: 1909 _949658 |
||
| 942 |
_2ddc _cLIBROS |
||
| 945 |
_apbj _d2024-04-26 |
||